[Event "tm FRA 1st"]
[Site "France"]
[Date "1999.??.??"]
[Round "2"]
[White "Lamoureux, Charles"]
[Black "Berthelot, Yannick"]
[Result "1/2-1/2"]
[WhiteElo "2377"]
[BlackElo "2347"]
[Annotator "Clichy-Le Mans"]
[PlyCount "94"]
[EventDate "1999.??.??"]

1. e4 c5 2. Nf3 Nc6 3. d4 cxd4 4. Nxd4 Nf6 5. Nc3 d6 6. Be2 e5 7. Nf3 h6 8. Bc4
Be7 9. O-O O-O 10. Re1 a6 11. Nd5 Nxd5 12. Bxd5 Bf6 13. a4 Ne7 14. h3 Nxd5 15.
Qxd5 Qc7 16. Qd3 Be6 17. Nd2 Rac8 18. c3 Rfd8 19. Qg3 g6 20. Nf3 Kh7 21. h4 d5
22. exd5 Rxd5 23. Be3 Qd6 24. Qh2 Bg7 25. a5 Rc4 26. Bb6 Bg4 27. Qg3 Rd3 28.
Re3 Rxe3 29. Bxe3 Bf6 30. Re1 Bxf3 31. Qxf3 Qc6 32. Qxc6 Rxc6 33. Rd1 Rc7 34.
g3 h5 35. Bb6 Re7 36. Bd8 Re6 37. Bxf6 Rxf6 38. Rd7 b6 39. Rb7 bxa5 40. Ra7 Rb6
41. Rxf7+ Kg8 42. Re7 Rxb2 43. Rxe5 Rb5 44. Re6 Kf7 45. Rxa6 Rc5 46. Kf1 Rxc3
47. Rxa5 Kf6 1/2-1/2

[Event "tm FRA 1st"]
[Site "France"]
[Date "1999.??.??"]
[Round "2"]
[White "Karr, Jean-Philippe"]
[Black "Leconte, Maria"]
[Result "1/2-1/2"]
[WhiteElo "2347"]
[BlackElo "2315"]
[Annotator "Le Mans-Clichy"]
[PlyCount "59"]
[EventDate "1999.??.??"]

1. d4 d5 2. c4 e6 3. Nc3 c5 4. cxd5 exd5 5. Nf3 Nc6 6. g3 Nf6 7. Bg2 Be7 8. O-O
O-O 9. Bg5 cxd4 10. Nxd4 h6 11. Be3 Bg4 12. Qa4 Ne5 13. Rad1 Nc4 14. Bc1 Qc8
15. Rfe1 Rd8 16. Nf3 a6 17. e4 b5 18. Qc2 Bxf3 19. Bxf3 Ne5 20. Qe2 Nxf3+ 21.
Qxf3 dxe4 22. Rxd8+ Bxd8 23. Nxe4 Nxe4 24. Qxe4 Bb6 25. b3 Ra7 26. Bb2 Rc7 27.
Qe5 Qg4 28. Re2 Kh7 29. h3 Qg6 30. Kg2 1/2-1/2

[Event "tm FRA 1st"]
[Site "France"]
[Date "1999.??.??"]
[Round "2"]
[White "Grimberg, Gilbert"]
[Black "Dacalor, Aurelie"]
[Result "1-0"]
[WhiteElo "2261"]
[BlackElo "2105"]
[Annotator "Clichy-Le Mans"]
[PlyCount "91"]
[EventDate "1999.??.??"]

1. e4 Nf6 2. e5 Nd5 3. d4 d6 4. c4 Nb6 5. exd6 cxd6 6. Nc3 g6 7. Bd3 Bg7 8.
Nge2 O-O 9. O-O e6 10. Be3 Nc6 11. Rc1 e5 12. d5 Ne7 13. b3 Bf5 14. Kh1 Nd7 15.
b4 Bxd3 16. Qxd3 Nf5 17. Bd2 Qe7 18. Ne4 b6 19. Rfd1 Nh6 20. Qh3 Nf5 21. N2g3
Nxg3+ 22. hxg3 f5 23. Bg5 Nf6 24. Nxf6+ Bxf6 25. Bxf6 Rxf6 26. Qh4 Qf8 27. c5
bxc5 28. bxc5 dxc5 29. Rxc5 Rd8 30. Rc7 h6 31. Qc4 Kh8 32. Rxa7 Rc8 33. Qb3 Rf7
34. Rxf7 Qxf7 35. Qe3 Qg7 36. d6 g5 37. d7 Rd8 38. Qc5 Kh7 39. Qd6 Qf7 40. Kg1
e4 41. a4 f4 42. Qd5 Qg6 43. Qe5 Kg8 44. gxf4 gxf4 45. Qxf4 Qc6 46. Rd6 1-0

[Event "tm FRA 1st"]
[Site "France"]
[Date "1999.??.??"]
[Round "2"]
[White "Fontaine, Robert"]
[Black "Gurevich, Mikhail"]
[Result "1-0"]
[WhiteElo "2369"]
[BlackElo "2629"]
[Annotator "Caissa-Gonfreville"]
[PlyCount "117"]
[EventDate "1999.??.??"]

1. e4 e6 2. d4 d5 3. Nc3 Nf6 4. e5 Nfd7 5. f4 c5 6. Nf3 Nc6 7. Be3 cxd4 8. Nxd4
Bc5 9. Qd2 Nxd4 10. Bxd4 Bxd4 11. Qxd4 Qb6 12. Qxb6 Nxb6 13. Nb5 Ke7 14. O-O-O
Bd7 15. Nd4 Na4 16. Bd3 h5 17. h4 g6 18. c3 Rac8 19. Bc2 Nb6 20. Rh3 Nc4 21. b3
Na5 22. Kb2 Nc6 23. Re3 a6 24. g3 Rc7 25. Bd3 Rhc8 26. Nxc6+ Bxc6 27. Bc2 a5
28. Rd4 Bb5 29. Bd1 Bf1 30. Rf3 Ba6 31. Re3 Bb5 32. Rf3 Rc6 33. Re3 Rb6 34. Bc2
Kd7 35. Bd1 Kc7 36. f5 exf5 37. Rxd5 Rd8 38. Bf3 a4 39. Rxd8 Kxd8 40. Bd5 axb3
41. axb3 Ke7 42. c4 Bc6 43. Kc3 Bxd5 44. cxd5 Ra6 45. Kb4 Ra1 46. Kb5 Rf1 47.
Kb6 f4 48. gxf4 Rxf4 49. Kc7 Rd4 50. d6+ Ke6 51. Rf3 Rd1 52. Rc3 b5 53. Rc6 f5
54. d7+ Ke7 55. Rd6 Rc1+ 56. Kb8 Kd8 57. e6 Re1 58. Rc6 Ke7 59. Rc8 1-0

[Event "tm FRA 1st"]
[Site "France"]
[Date "1999.??.??"]
[Round "2"]
[White "Hauchard, Arnaud"]
[Black "Lopez, Jorge"]
[Result "1-0"]
[WhiteElo "2524"]
[BlackElo "2189"]
[Annotator "Gonfreville-Caissa"]
[PlyCount "103"]
[EventDate "1999.??.??"]

1. c4 Nf6 2. Nc3 c5 3. g3 g6 4. Bg2 Bg7 5. e3 O-O 6. Nge2 d6 7. O-O Na6 8. d4
Nc7 9. b3 Rb8 10. Bb2 cxd4 11. Qxd4 a6 12. Rfd1 Bd7 13. Qd2 Bc6 14. e4 Ne6 15.
Nd5 Nd7 16. Nec3 Nec5 17. Qe2 b5 18. cxb5 axb5 19. Nb4 Ba8 20. Ncd5 Bxb2 21.
Qxb2 Re8 22. Nc3 Qa5 23. a3 Ne5 24. Ncd5 Qa7 25. Rac1 Nc6 26. Nxc6 Bxc6 27. e5
Bxd5 28. Rxd5 Ne6 29. exd6 exd6 30. Rxd6 Red8 31. Rcd1 Rxd6 32. Rxd6 Rc8 33. h4
Qc5 34. Rd5 Qc1+ 35. Qxc1 Rxc1+ 36. Kh2 Ra1 37. Rxb5 Rxa3 38. Bd5 Ra6 39. Rb7
Kg7 40. b4 Kf6 41. b5 Ra4 42. Rb6 h5 43. Bxe6 fxe6 44. Rb8 Rb4 45. b6 Rb2 46.
b7 Ke5 47. Kg2 Ke4 48. Rg8 Rxb7 49. Rxg6 e5 50. Rh6 Kf5 51. Rxh5+ Kf6 52. g4
1-0

[Event "tm FRA 1st"]
[Site "France"]
[Date "1999.??.??"]
[Round "2"]
[White "De Sousa, Jose-Claude"]
[Black "Beikert, Guenther"]
[Result "0-1"]
[WhiteElo "2275"]
[BlackElo "2440"]
[Annotator "Caissa-Gonfreville"]
[PlyCount "70"]
[EventDate "1999.??.??"]

1. e4 c5 2. Nf3 e6 3. d4 cxd4 4. Nxd4 Nc6 5. Nb5 d6 6. Bf4 e5 7. Be3 Nf6 8. Bg5
Be6 9. Nd2 a6 10. Bxf6 gxf6 11. Nc3 b5 12. Bd3 Rg8 13. Nf1 b4 14. Nd5 f5 15.
Nfe3 f4 16. Nf5 Rxg2 17. Qh5 h6 18. h4 Qa5 19. Bc4 Qc5 20. Qf3 Rxf2 21. Qxf2
Qxc4 22. O-O-O Bxd5 23. exd5 Nd8 24. Kb1 Rc8 25. Rhg1 Qe4 26. Ng7+ Kd7 27. Qh2
Bxg7 28. Rxg7 Rc5 29. Qh3+ Ke7 30. Qd3 Qxd3 31. cxd3 Rxd5 32. Rh7 e4 33. Re1 e3
34. Rxh6 Nc6 35. h5 Nd4 0-1

[Event "tm FRA 1st"]
[Site "France"]
[Date "1999.??.??"]
[Round "2"]
[White "Rausis, Igors"]
[Black "Lecuyer, Christian"]
[Result "1-0"]
[WhiteElo "2508"]
[BlackElo "2265"]
[Annotator "Gonfreville-Caissa"]
[PlyCount "141"]
[EventDate "1999.??.??"]

1. d4 Nf6 2. Nf3 e6 3. c4 c5 4. e3 d5 5. Nc3 a6 6. a3 dxc4 7. Bxc4 b5 8. Ba2
Bb7 9. O-O Nbd7 10. Re1 Be7 11. e4 O-O 12. e5 Nd5 13. Nxd5 Bxd5 14. Bxd5 exd5
15. dxc5 Nxc5 16. Nd4 Qd7 17. Be3 Rac8 18. Qe2 Rfe8 19. Rad1 Bf8 20. f4 Ne6 21.
Nf3 g6 22. Qd3 Red8 23. b4 Rc4 24. Nd2 Nxf4 25. Qf1 Ne6 26. Nxc4 bxc4 27. Bb6
Rb8 28. Ba5 Rc8 29. Bb6 Qc6 30. Qf2 Rb8 31. Be3 Rd8 32. h4 a5 33. Rf1 Rd7 34.
bxa5 d4 35. Rxd4 Nxd4 36. Bxd4 c3 37. e6 Qxe6 38. Bxc3 Qc4 39. Qf6 Bc5+ 40. Kh2
Bd4 41. Bxd4 Qxd4 42. Qf4 h5 43. Rf3 Kg7 44. Rf2 Qd6 45. g3 Qxf4 46. Rxf4 Ra7
47. Ra4 Ra6 48. Kg2 Kf6 49. Kf3 Ke5 50. Ke3 Kd5 51. Kd3 Kc5 52. Ke4 Kb5 53. Rd4
Kxa5 54. Kd5 Rb6 55. Rb4 Re6 56. Re4 Rb6 57. Rb4 Re6 58. Rb3 Rf6 59. Ke4 Re6+
60. Kf4 Rf6+ 61. Kg5 Rf5+ 62. Kh6 Ka4 63. Rb4+ Kxa3 64. Rf4 Rd5 65. Rxf7 Rd3
66. Kxg6 Rxg3+ 67. Kxh5 Kb4 68. Rc7 Kb5 69. Kh6 Kb6 70. Rc1 Kb5 71. Rc8 1-0

[Event "tm FRA 1st"]
[Site "France"]
[Date "1999.??.??"]
[Round "2"]
[White "Plantet, Sebastien"]
[Black "Eliet, Nicolas"]
[Result "1/2-1/2"]
[WhiteElo "2153"]
[BlackElo "2408"]
[Annotator "Caissa-Gonfreville"]
[PlyCount "68"]
[EventDate "1999.??.??"]

1. c4 g6 2. Nf3 Bg7 3. Nc3 c5 4. g3 Nc6 5. Bg2 Nf6 6. O-O O-O 7. d4 cxd4 8.
Nxd4 Ng4 9. e3 Nge5 10. b3 d6 11. h3 Rb8 12. Bb2 a6 13. Rc1 Nxd4 14. exd4 Nd7
15. Nd5 e6 16. Nb4 Qc7 17. Qd2 a5 18. Nc2 Nf6 19. Na3 Bd7 20. Rfe1 Rfd8 21. d5
Qc5 22. Nb5 Nxd5 23. Bxg7 Kxg7 24. Bf1 Nf6 25. Qxd6 Qxd6 26. Nxd6 Bc6 27. c5
Nd5 28. Nc4 a4 29. Ne5 axb3 30. axb3 Be8 31. Bg2 Ra8 32. Red1 Kf6 33. Ng4+ Ke7
34. Bxd5 exd5 1/2-1/2

[Event "tm FRA 1st"]
[Site "France"]
[Date "1999.??.??"]
[Round "2"]
[White "Desbonnes, Samy"]
[Black "Wolrich, Charles"]
[Result "0-1"]
[WhiteElo "2235"]
[BlackElo "2161"]
[Annotator "Gonfreville-Caissa"]
[PlyCount "80"]
[EventDate "1999.??.??"]

1. e4 e6 2. d4 d5 3. Nd2 Nf6 4. e5 Ne4 5. Bd3 Nxd2 6. Bxd2 c5 7. dxc5 Nd7 8.
Nf3 Nxc5 9. Qe2 Bd7 10. O-O Rc8 11. Be3 Nxd3 12. Qxd3 Bc5 13. c3 Qb6 14. Bxc5
Qxc5 15. Nd4 b5 16. a3 a5 17. Qd2 O-O 18. Rfe1 b4 19. axb4 axb4 20. cxb4 Qb6
21. b3 Rb8 22. Nc2 Rfc8 23. Re3 Qc7 24. Nd4 Qb6 25. Nc2 Qc7 26. Ne1 Qb6 27. Nd3
Qd4 28. Rd1 Rc3 29. Ree1 Bb5 30. Nc5 Qxb4 31. Rc1 d4 32. Ne4 Rxb3 33. Qg5 d3
34. Nf6+ Kh8 35. Nh5 Rg8 36. Red1 h6 37. Qe3 Rb2 38. h3 Re2 39. Qg3 d2 40. Rb1
Qxb1 0-1

[Event "tm FRA 1st"]
[Site "France"]
[Date "1999.??.??"]
[Round "2"]
[White "Goldsztejn, Gildas"]
[Black "Gouret, Thierry"]
[Result "1/2-1/2"]
[WhiteElo "2167"]
[BlackElo "2296"]
[Annotator "Caissa-Gonfreville"]
[PlyCount "123"]
[EventDate "1999.??.??"]

1. Nf3 g6 2. d4 Bg7 3. c4 d6 4. Nc3 Nf6 5. Bg5 O-O 6. e3 c5 7. Bd3 cxd4 8. exd4
Bg4 9. h3 Bxf3 10. Qxf3 Nc6 11. d5 Ne5 12. Qe2 Qb6 13. O-O Qd4 14. Rad1 Nxd3
15. Qxd3 Qxd3 16. Rxd3 Rfc8 17. Re1 Kf8 18. b3 h6 19. Bd2 Rc7 20. Nb5 Rd7 21.
f4 Ne8 22. h4 a6 23. Nd4 Bxd4+ 24. Rxd4 Ng7 25. g4 h5 26. gxh5 Nf5 27. Rd3 gxh5
28. Kf2 f6 29. Kf3 Kf7 30. Ke4 Nh6 31. Rg3 Rdd8 32. f5 Ng4 33. Kd4 Rg8 34. Reg1
b5 35. Bf4 Rac8 36. cxb5 axb5 37. Rc1 Ne5 38. Rxc8 Rxc8 39. Rc3 Ra8 40. Rc2 Ke8
41. Rg2 Ng4 42. Kc3 Rc8+ 43. Kb4 Rc5 44. Rd2 Kd7 45. Ka5 Kc7 46. b4 Rc4 47. Bg3
Rc3 48. Bf2 Nxf2 49. Rxf2 Rd3 50. Kxb5 Rxd5+ 51. Ka6 Rd4 52. Rc2+ Kb8 53. b5
Rxh4 54. Kb6 Ra4 55. Rc7 Rxa2 56. Rxe7 Kc8 57. Rh7 Rc2 58. Rh8+ Kd7 59. Kb7 d5
60. Rxh5 Kd6 61. b6 d4 62. Rh8 1/2-1/2

[Event "tm FRA 1st"]
[Site "France"]
[Date "1999.??.??"]
[Round "2"]
[White "Gervais, Claire"]
[Black "Arokiassamy, Cecile"]
[Result "0-1"]
[WhiteElo "2201"]
[BlackElo "1870"]
[Annotator "Gonfreville-Caissa"]
[PlyCount "69"]
[EventDate "1999.??.??"]

1. d4 d5 2. c4 c6 3. cxd5 cxd5 4. Nc3 Nf6 5. Bf4 e6 6. e3 Nc6 7. Be2 Bd6 8.
Bxd6 Qxd6 9. Bf3 b6 10. Rc1 Bb7 11. a3 O-O 12. Nge2 a6 13. O-O Rad8 14. Na4 Na5
15. Qe1 Nd7 16. b4 Nc4 17. Rxc4 dxc4 18. Bxb7 b5 19. Nc5 Nxc5 20. bxc5 Qd7 21.
Bf3 Qc7 22. Qb4 Rb8 23. Rc1 Rfe8 24. Nc3 a5 25. Qb1 b4 26. Na4 c3 27. Nb6 e5
28. axb4 exd4 29. exd4 Qf4 30. Rd1 Re6 31. bxa5 Rbe8 32. Kf1 Qxh2 33. g3 h5 34.
d5 Re2 35. Bg2 0-1

[Event "tm FRA 1st"]
[Site "France"]
[Date "1999.??.??"]
[Round "2"]
[White "Tkachiev, Vladislav"]
[Black "Legky, Nikolay"]
[Result "1-0"]
[WhiteElo "2634"]
[BlackElo "2487"]
[Annotator "Cannes-Drancy"]
[PlyCount "95"]
[EventDate "1999.??.??"]

1. d4 d5 2. c4 dxc4 3. Nf3 Nf6 4. e3 e6 5. Bxc4 c5 6. O-O Nc6 7. Qe2 cxd4 8.
Rd1 Be7 9. exd4 O-O 10. a3 Na5 11. Ba2 Nd5 12. Nc3 Nxc3 13. bxc3 Qc7 14. Qe4
Bd7 15. Bf4 Qc8 16. Ne5 Bc6 17. Nxc6 Nxc6 18. c4 Bf6 19. Bd6 Re8 20. c5 Ne7 21.
Bb1 g6 22. Qf3 Nd5 23. Be4 Be7 24. Bxe7 Rxe7 25. Bxd5 exd5 26. Qxd5 Qc6 27.
Qxc6 bxc6 28. d5 cxd5 29. Rxd5 Re2 30. Rc1 Rc8 31. Kf1 Re6 32. Rc4 Rc7 33. g4
Kf8 34. Kg2 Ke7 35. g5 Rd7 36. Rxd7+ Kxd7 37. Rf4 Ke7 38. Kf3 Ra6 39. a4 Ra5
40. Rc4 Kd7 41. Ke4 Kc6 42. Kd4 Ra6 43. Ke5 Ra5 44. Kf6 Kd5 45. Rh4 Rxc5 46.
Rxh7 Rc6+ 47. Kxf7 Ke5 48. Kg7 1-0

[Event "tm FRA 1st"]
[Site "France"]
[Date "1999.??.??"]
[Round "2"]
[White "Chabanon, Jean-Luc"]
[Black "Borne, Niels"]
[Result "1-0"]
[WhiteElo "2468"]
[BlackElo "2305"]
[Annotator "Cannes-Drancy"]
[PlyCount "137"]
[EventDate "1999.??.??"]

1. d4 Nf6 2. c4 e6 3. Nc3 Bb4 4. Qc2 c5 5. dxc5 O-O 6. a3 Bxc5 7. Nf3 Nc6 8.
Bg5 Nd4 9. Nxd4 Bxd4 10. e3 Qa5 11. exd4 Qxg5 12. Qd2 Qxd2+ 13. Kxd2 d6 14. Bd3
Bd7 15. b4 Rfd8 16. f3 Kf8 17. Rhe1 Rac8 18. Re2 Bc6 19. Kc2 h5 20. h4 b5 21.
Kb3 bxc4+ 22. Bxc4 Bb7 23. Bd3 Nd5 24. Nxd5 Bxd5+ 25. Kb2 Bc4 26. Bxc4 Rxc4 27.
Rc1 Rxd4 28. Rc7 a5 29. b5 Rb8 30. Kc3 Ra4 31. Kb3 Rxh4 32. a4 g5 33. Rec2 Rb4+
34. Ka3 g4 35. fxg4 Rxg4 36. Ra7 Rg3+ 37. Ka2 d5 38. Rxa5 d4 39. Ra7 d3 40. Rf2
f5 41. Rh7 Kg8 42. Rd7 Ra8 43. Kb3 d2+ 44. Kb4 Rg4+ 45. Kc5 Rc8+ 46. Kb6 Rxa4
47. Rfxd2 Rb8+ 48. Rb7 Rxb7+ 49. Kxb7 Kf7 50. b6 e5 51. Kc6 Rc4+ 52. Kb5 Rc1
53. Rb2 Rc8 54. b7 Rb8 55. Kc6 e4 56. Kc7 Rxb7+ 57. Kxb7 Ke6 58. Kc6 Ke5 59.
Kc5 h4 60. Rb3 f4 61. Kc4 Kf5 62. Kd4 e3 63. Kd3 Kg4 64. Ke2 Kg3 65. Rb4 Kxg2
66. Rxf4 h3 67. Rg4+ Kh1 68. Kf3 e2 69. Re4 1-0

[Event "tm FRA 1st"]
[Site "France"]
[Date "1999.??.??"]
[Round "2"]
[White "Doornbos, Yann"]
[Black "Anic, Darko"]
[Result "0-1"]
[WhiteElo "2332"]
[BlackElo "2464"]
[Annotator "Drancy-Cannes"]
[PlyCount "60"]
[EventDate "1999.??.??"]

1. d4 c6 2. c4 f5 3. Nc3 Nf6 4. Bg5 Ne4 5. Nxe4 fxe4 6. Qd2 d5 7. e3 g6 8. Ne2
Bg7 9. Nc3 O-O 10. Rc1 Be6 11. Be2 a6 12. a4 Nd7 13. b3 h6 14. Bh4 Bf7 15. O-O
Qe8 16. a5 e6 17. Na4 g5 18. Bg3 Qe7 19. b4 e5 20. dxe5 Nxe5 21. cxd5 cxd5 22.
Rfd1 Rad8 23. Rc5 Nc6 24. Bxa6 d4 25. Qc1 bxa6 26. Rxc6 Bb3 27. Rc7 Qf6 28. Rc6
Qf5 29. Rc5 Qg4 30. f3 exf3 0-1

[Event "tm FRA 1st"]
[Site "France"]
[Date "1999.??.??"]
[Round "2"]
[White "Gallagher, Joseph"]
[Black "Giffard, Nicolas"]
[Result "1-0"]
[WhiteElo "2519"]
[BlackElo "2369"]
[Annotator "Cannes-Drancy"]
[PlyCount "81"]
[EventDate "1999.??.??"]

1. e4 c6 2. d4 d5 3. Nc3 dxe4 4. Nxe4 Bf5 5. Ng3 Bg6 6. Nf3 Nd7 7. Bc4 e6 8.
O-O Ngf6 9. Re1 Be7 10. Nh4 Nb6 11. Bb3 c5 12. dxc5 Qxd1 13. Rxd1 Bxc5 14. Nxg6
hxg6 15. h3 O-O 16. Bg5 Rfc8 17. Rd3 Bf8 18. Re1 Nfd7 19. Ne4 Ne5 20. Rd4 Nc6
21. Rd3 Ne5 22. Rdd1 Nec4 23. Bxc4 Rxc4 24. c3 Ra4 25. Ra1 Ra6 26. b3 Nd5 27.
c4 Nb4 28. Re2 f6 29. Be3 Rd8 30. Nc5 Bxc5 31. Bxc5 Nd3 32. Rd1 Rc8 33. Be3 Ne5
34. Bf4 Nf7 35. Rd7 e5 36. Be3 b6 37. Red2 f5 38. f3 g5 39. Re7 f4 40. Bf2 Rf8
41. a4 1-0

[Event "tm FRA 1st"]
[Site "France"]
[Date "1999.??.??"]
[Round "2"]
[White "Moracchini, Fabrice"]
[Black "Rainfray, Arnaud"]
[Result "0-1"]
[WhiteElo "2303"]
[BlackElo "2322"]
[Annotator "Drancy-Cannes"]
[PlyCount "134"]
[EventDate "1999.??.??"]

1. Nf3 d5 2. d4 Nf6 3. c4 e6 4. Nc3 Bb4 5. Qb3 c5 6. dxc5 Nc6 7. Bg5 d4 8.
O-O-O Bxc5 9. e3 e5 10. Qb5 Bd7 11. Qxc5 dxc3 12. Nxe5 cxb2+ 13. Kxb2 Ne4 14.
Bxd8 Nxc5 15. Bc7 Nxe5 16. Bxe5 f6 17. Bg3 Rc8 18. f3 Be6 19. Rd4 Kf7 20. Be2
Rc6 21. Rc1 Rhc8 22. Bd1 Ke7 23. Bb3 a5 24. Be1 b6 25. Bd2 R6c7 26. Bd1 Nd7 27.
Be2 Ne5 28. Kb3 Rc5 29. a4 R5c7 30. e4 Nd7 31. Be3 Nc5+ 32. Ka3 Bd7 33. Bd1 Be6
34. Bf4 Rc6 35. Be3 Nd7 36. Be2 Ne5 37. Kb3 Nd7 38. h3 Nc5+ 39. Ka3 Nb7 40. g4
Nd6 41. Kb3 Nb7 42. h4 Nc5+ 43. Ka3 Nb7 44. f4 Nd6 45. Kb3 b5 46. axb5 Nxb5 47.
Rdd1 Nd6 48. Rd4 a4+ 49. Ka2 Bxc4+ 50. Bxc4 Rxc4 51. Rcxc4 Rxc4 52. Rxc4 Nxc4
53. Bd4 Ke6 54. Bc3 Kf7 55. Kb1 Ne3 56. g5 Ng2 57. gxf6 gxf6 58. f5 Nxh4 59. e5
fxe5 60. Bxe5 Nxf5 61. Ka2 h5 62. Ka3 h4 63. Kxa4 Ng3 64. Kb3 Ke6 65. Bc7 Kf5
66. Kc2 Kg4 67. Bb6 h3 0-1

[Event "tm FRA 1st"]
[Site "France"]
[Date "1999.??.??"]
[Round "2"]
[White "Sorin, Maxime"]
[Black "Delebarre, Xavier"]
[Result "1-0"]
[WhiteElo "2208"]
[BlackElo "2261"]
[Annotator "Cannes-Drancy"]
[PlyCount "57"]
[EventDate "1999.??.??"]

1. e4 c5 2. Nf3 g6 3. d4 Bg7 4. c3 cxd4 5. cxd4 d5 6. exd5 Nf6 7. Bb5+ Nbd7 8.
Nc3 O-O 9. Bg5 Nb6 10. Bxf6 exf6 11. O-O Qd6 12. Qb3 a6 13. Bd3 f5 14. Rfe1 Rd8
15. Ne5 Bd7 16. Rad1 Be8 17. Re2 Rab8 18. a4 f6 19. Nxg6 hxg6 20. Re6 Qd7 21.
Rxb6 Bf7 22. Bxa6 Qc7 23. Bd3 Bf8 24. a5 Qf4 25. Bf1 Ra8 26. Rxb7 Rxa5 27. Qb6
Raxd5 28. Nxd5 Rxd5 29. Qxf6 1-0

[Event "tm FRA 1st"]
[Site "France"]
[Date "1999.??.??"]
[Round "2"]
[White "Zangrilli, David"]
[Black "Levacic, Damir"]
[Result "1/2-1/2"]
[WhiteElo "2254"]
[BlackElo "2295"]
[Annotator "Drancy-Cannes"]
[PlyCount "102"]
[EventDate "1999.??.??"]

1. e4 c5 2. Nf3 d6 3. Nc3 Nc6 4. d4 cxd4 5. Nxd4 Nf6 6. Bg5 e6 7. Qd2 Be7 8.
O-O-O Nxd4 9. Qxd4 O-O 10. f4 Qa5 11. Be2 h6 12. Bh4 e5 13. fxe5 dxe5 14. Qd3
Be6 15. Qb5 Qc7 16. Bxf6 Bxf6 17. Nd5 Bxd5 18. Rxd5 Rac8 19. c3 a6 20. Qd3 Rfd8
21. Rd1 Rxd5 22. exd5 Qd6 23. Kb1 Rc7 24. Qe4 g6 25. h4 h5 26. g4 hxg4 27. Qxg4
Kf8 28. h5 gxh5 29. Qxh5 Rc5 30. Qf3 Bg5 31. c4 Rc7 32. Qf5 Bf4 33. Bh5 b5 34.
cxb5 axb5 35. a3 Bh2 36. Ka1 b4 37. Qd3 Ra7 38. Ka2 bxa3 39. bxa3 e4 40. Qb3 f5
41. Rc1 Rd7 42. Rc8+ Kg7 43. Be8 Re7 44. Rc6 Qe5 45. Rg6+ Kf8 46. d6 Rg7 47. d7
Qd4 48. Qb4+ Qxb4 49. axb4 Bc7 50. Rf6+ Ke7 51. Rxf5 Rg3 1/2-1/2

[Event "tm FRA 1st"]
[Site "France"]
[Date "1999.??.??"]
[Round "2"]
[White "Bramme, Emmanuelle"]
[Black "Mora, Virginie"]
[Result "1-0"]
[WhiteElo "2049"]
[BlackElo "2140"]
[Annotator "Cannes-Drancy"]
[PlyCount "58"]
[EventDate "1999.??.??"]

1. d4 Nf6 2. Nf3 g6 3. g3 Bg7 4. Bg2 O-O 5. O-O d6 6. b3 Nbd7 7. Bb2 c5 8. c4
Qa5 9. Nc3 Rb8 10. Qc2 cxd4 11. Nxd4 Qh5 12. h4 Ne5 13. Nd5 Nxd5 14. Bxd5 Bd7
15. Rad1 Rfc8 16. Qe4 Bf6 17. Qh1 Rc7 18. Rd2 a6 19. Nf3 Ng4 20. Bd4 Bxd4 21.
Nxd4 Qe5 22. Be4 Nf6 23. Bb1 b5 24. cxb5 axb5 25. Rfd1 Rbc8 26. Qf3 Rc3 27. Qb7
R3c7 28. Qa6 b4 29. Qb6 Qc5 1-0

[Event "tm FRA 1st"]
[Site "France"]
[Date "1999.??.??"]
[Round "2"]
[White "Gofshtein, Leonid"]
[Black "David, Alberto"]
[Result "1/2-1/2"]
[WhiteElo "2517"]
[BlackElo "2533"]
[Annotator "Noyon-Chess XV"]
[PlyCount "35"]
[EventDate "1999.??.??"]

1. d4 Nf6 2. Nf3 g6 3. g3 Bg7 4. Bg2 O-O 5. O-O d5 6. c4 dxc4 7. Na3 Nc6 8.
Nxc4 Be6 9. b3 Bd5 10. Bb2 a5 11. Rc1 a4 12. bxa4 Ra6 13. a3 e6 14. Nce5 Qa8
15. Nd3 Rxa4 16. Nc5 Ra5 17. Qc2 b6 18. Nd3 1/2-1/2

[Event "tm FRA 1st"]
[Site "France"]
[Date "1999.??.??"]
[Round "2"]
[White "Bezold, Michael"]
[Black "Guyard, Bertrand"]
[Result "1-0"]
[WhiteElo "2503"]
[BlackElo "2196"]
[Annotator "Noyon-Chess XV"]
[PlyCount "57"]
[EventDate "1999.??.??"]

1. c4 Nf6 2. Nf3 d6 3. Nc3 g6 4. d4 Bg7 5. Bf4 O-O 6. h3 b6 7. e3 Bb7 8. Be2
Nbd7 9. O-O e6 10. Qc2 a6 11. Bh2 Qe7 12. Rfd1 e5 13. Rac1 c6 14. b4 e4 15. Nd2
Rfe8 16. a4 Rac8 17. Qb1 Nf8 18. c5 dxc5 19. bxc5 b5 20. Be5 N8d7 21. Bd6 Qd8
22. Ndxe4 Nxe4 23. Nxe4 f5 24. Nc3 Qh4 25. Bf3 Nf6 26. Bg3 Qg5 27. axb5 Ne4 28.
Bxe4 fxe4 29. bxa6 1-0

[Event "tm FRA 1st"]
[Site "France"]
[Date "1999.??.??"]
[Round "2"]
[White "Glavina-Rossi, Pablo"]
[Black "Heinis, Vincent"]
[Result "1/2-1/2"]
[WhiteElo "2421"]
[BlackElo "2266"]
[Annotator "Noyon-Chess XV"]
[PlyCount "67"]
[EventDate "1999.??.??"]

1. e4 c6 2. d4 d5 3. exd5 cxd5 4. c4 Nf6 5. Nc3 Nc6 6. Nf3 Bg4 7. cxd5 Nxd5 8.
Qb3 Bxf3 9. gxf3 Nb6 10. Be3 e6 11. Rg1 Bb4 12. Bb5 Nd5 13. O-O-O Bxc3 14. bxc3
Nxe3 15. fxe3 O-O 16. Bd3 Rc8 17. Kb2 Na5 18. Qb5 Qd5 19. Qxd5 exd5 20. Rg5 f5
21. Rdg1 g6 22. Bxf5 Rce8 23. e4 Nc4+ 24. Ka1 Ne3 25. h4 Kh8 26. Bd7 Re7 27.
Ba4 dxe4 28. fxe4 Rxe4 29. h5 gxh5 30. Bb3 Rg4 31. Rg3 Rxg3 32. Rxg3 Nf5 33.
Rf3 Kg7 34. Bc2 1/2-1/2

[Event "tm FRA 1st"]
[Site "France"]
[Date "1999.??.??"]
[Round "2"]
[White "Schabanel, Stephane"]
[Black "Neiman, Emmanuel"]
[Result "1/2-1/2"]
[WhiteElo "2217"]
[BlackElo "2333"]
[Annotator "Chess XV-Noyon"]
[PlyCount "49"]
[EventDate "1999.??.??"]

1. e4 e5 2. Bc4 Nc6 3. Nc3 Bc5 4. d3 Nf6 5. f4 d6 6. Nf3 Bg4 7. Na4 O-O 8. Nxc5
dxc5 9. c3 Qd6 10. h3 Be6 11. Bxe6 fxe6 12. fxe5 Nxe5 13. Nxe5 Qxe5 14. O-O c4
15. Bf4 Qb5 16. dxc4 Qxc4 17. Qb3 Qxb3 18. axb3 Nxe4 19. Bxc7 Rxf1+ 20. Kxf1 a6
21. Rd1 Nf6 22. Be5 Rf8 23. Ke2 Kf7 24. c4 Kg6 25. Ke3 1/2-1/2

[Event "tm FRA 1st"]
[Site "France"]
[Date "1999.??.??"]
[Round "2"]
[White "Solakian, Jerome"]
[Black "Lohou, Stephane"]
[Result "1/2-1/2"]
[WhiteElo "2240"]
[BlackElo "2179"]
[Annotator "Noyon-Chess XV"]
[PlyCount "91"]
[EventDate "1999.??.??"]

1. e4 c6 2. d4 d5 3. e5 Bf5 4. Nc3 e6 5. g4 Bg6 6. Nge2 c5 7. Be3 Nd7 8. Qd2
Ne7 9. O-O-O Nc6 10. f4 cxd4 11. Nxd4 Nxd4 12. Bxd4 Bb4 13. Bd3 Bxd3 14. Qxd3
Qa5 15. Kb1 Bxc3 16. Bxc3 Qa4 17. Qe3 Rc8 18. Rd4 Qc6 19. f5 h6 20. Rf1 Nc5 21.
fxe6 Nxe6 22. Rd2 O-O 23. Rfd1 Rfd8 24. Bd4 b6 25. h4 Nc5 26. Bxc5 bxc5 27. g5
d4 28. Qf4 Re8 29. gxh6 Qxh6 30. Qxh6 gxh6 31. b4 Rb8 32. a3 cxb4 33. Rxd4
bxa3+ 34. Ka2 Rxe5 35. Kxa3 Rb6 36. Ra4 a6 37. Rd8+ Kg7 38. Ra8 Ree6 39. Rg4+
Kf6 40. Rf4+ Kg6 41. h5+ Kg7 42. Ra7 Rf6 43. Rg4+ Kh7 44. c4 Rf5 45. Ka4 Rbf6
46. Rh4 1/2-1/2

[Event "tm FRA 1st"]
[Site "France"]
[Date "1999.??.??"]
[Round "2"]
[White "Bakus, Michel"]
[Black "Mulder, Bart-Piet"]
[Result "0-1"]
[WhiteElo "2160"]
[BlackElo "2235"]
[Annotator "Chess XV-Noyon"]
[PlyCount "144"]
[EventDate "1999.??.??"]

1. e4 c6 2. d4 d5 3. e5 Bf5 4. Nc3 Qd7 5. Na4 e6 6. Nf3 h6 7. Be2 b5 8. Nc5
Bxc5 9. dxc5 Qc7 10. c3 Nd7 11. Qd4 Ne7 12. Bf4 Be4 13. O-O Nf5 14. Qd2 Nxc5
15. Nd4 Ne7 16. b4 Nd7 17. a4 bxa4 18. Rxa4 O-O 19. Rfa1 Ng6 20. Bg3 Ngxe5 21.
Qe3 Bh7 22. b5 c5 23. Nc6 f6 24. f4 Nxc6 25. Qxe6+ Kh8 26. Qxc6 Rfc8 27. Bg4 f5
28. Bf3 Nb6 29. Ra6 Qxc6 30. bxc6 Bg8 31. Bf2 Rxc6 32. Rxa7 Rxa7 33. Rxa7 Rc8
34. h3 d4 35. cxd4 c4 36. d5 Nxd5 37. Bxd5 Bxd5 38. Bd4 Rg8 39. Kf2 Kh7 40. g4
Kg6 41. Rd7 Be6 42. Rd6 Kf7 43. Be5 fxg4 44. hxg4 Bxg4 45. Rc6 Rc8 46. Ra6 c3
47. Ra7+ Ke6 48. Rxg7 c2 49. Bb2 Bf5 50. Rg1 Kd5 51. Re1 Be4 52. f5 Rb8 53. Bc1
Rb6 54. Bf4 Rf6 55. Ke3 Bxf5 56. Kd2 Be4 57. Ke3 h5 58. Ra1 Ra6 59. Rg1 Ra3+
60. Kd2 Kd4 61. Rg5 Rh3 62. Be5+ Kc4 63. Bb2 Rd3+ 64. Ke2 Bf3+ 65. Kf2 Bg4 66.
Rg7 Rb3 67. Rc7+ Kd3 68. Bc1 Rb1 69. Bf4 h4 70. Kg2 h3+ 71. Kh2 Rf1 72. Bg5
Rf2+ 0-1